00568nam a2200181 a 4500001000400000003000900004008004100013020001500054040002800069082002000097100003000117245007100147260004400218300001500262490001600277500007100293650002200364660CO-ViMGA141112s2004 ck r 000 u spa d a9580412359 aCO-ViMGAbspacCO-ViMGA04aCo863.44 G172co1 aGarcia Márquez, Gabriel10aEl coronel no tiene quien le escriba / cGarcia Márquez Gabriel  aSantafé de Bogotá : bNorma, c1997 a88, 126 p. aCara y cruz aContenido : A propósito de Gabriel Garcia Márquez y su obra. 14aNOVELA COLOMBIANA